Scooter's Weak General Knowledge - Statistics

General Stats
  • This quiz has been taken 5 times
  • The average score is 16 of 30
Answer Stats
Hint Answer % Correct
How many heart does an octopus have? 3
100%
In American Football, how many points do you score for a touchdown? 6
100%
How many brains does an octopus have? 9
100%
Where in the human body can the smallest bone be found? Ear
100%
What is the only letter not to appear on the periodic table? J
100%
How many bones does a shark have? 0
80%
How many minutes in a game of rugby league? 80
80%
What colours are flamingos born? Grey
80%
What nut is in the middle of a Ferrero Rocher? Hazelnut
80%
What are Canada's winter national sports? Hockey
80%
What does IPA stand for? Indian Pale Ale
80%
What are Canada's summer national sports? Lacrosse
80%
In The Lion, the Witch, and the Wardrobe, what magical country does the White Witch put a spell on so that it is always winter but never Christmas? Narnia
80%
Which Emily Brontë novel inspired Kate Bush's first hit? Wuthering Heights
80%
What does the AC button on a calculator stand for? All Clear
60%
On The Mandalorian, what is Baby Yoda's real name? Grogu
60%
How many Grammys does Beyoncé have? 32
40%
What sport is played at The Oval? Cricket
40%
What does DNA stand for? Deoxyribonucleic Acid
40%
What is the study of mushrooms called? Mycology
40%
Which country consumes the most chocolate per capita? Switzerland
40%
What is Usain Bolt’s 100m world record time? 9.58
20%
Which movie won the first ever Oscar for Best Animated Film? Shrek
20%
What is the name of the bone? Stapes
20%
Who became the head coach of the England men's football team in October 2024? Thomas Tuchel
20%
Which of Stephen King’s novels was the first to be adapted into a movie? Carrie
0%
FIFA stand for? International Federation of Association Football
0%
What did Snickers bars used to be called before the name was changed in 1990? Marathon bars
0%
What is Scooby Doo's full name? Scoobert Doo
0%
Lady Gaga real name? Stefani Joanne Angelina Germanotta
0%
No matching quizzes found
Score Distribution
Percent of People with Each Score
Percentile by Number Answered
Your Score History
You have not taken this quiz